Datum a čas kvízu
31.5
Celkem bodů
Celkový počet nahraných bodů na tomto kvízu bez doplňovacích otázek.
4.
Pořadí na kvízu
Konečné umístění týmu na tomto kvízu.
Zaznamenané odpovědi
| # | Otázka | Odpověď | Body | Výsledky |
|---|---|---|---|---|
| 1. | Minulý týden navštívili Pražsk... | Argentina, Slovensko | 0.5 | |
| 2. | Minulý týden jsme se dozvěděli... | A) elektrokol | 0 | |
| 3. | Originál ilustrace od kreslíře... | Harry Potter a kámen mudrců | 1 | |
| 4. | Ve čtvrtek byla veřejnosti pře... | v Ostravě | 1 | |
| 5. | Tak trochu ve stínu Eura se v... | Copa América | 1 | |
| 6. | Dobytek se tradičně rozděloval... | brav | 0 | |
| 7. | Jak se jmenuje zobrazené oblíb... | kamerunská ovce (djallonké) | 1 | |
| 8. | Které z následujících tvrzení... | B | 1 | |
| 9. | Ještě do zhruba 13. století se... | zebu | 0 | |
| 10. | Zvířata, která mají vlnu, vylu... | lanolin | 0 |